000 00816nam a2200229 a 4500
001 BRCA_5238
005 20190320205010.0
008 291110s1936----gw-a######---#000-0#ger-#
041 _ager
044 _agw
050 4 _aND1357
_b.Z84 1936
245 1 0 _aZwei Jahrhunderte Deutscher Landschafts-Malerei
_bKatalog der von der Stadt Wiesbaden und dem Nassauischen Kunstverein veranstalteten Ausstellung.
260 _aWiesbaden, Alemania
_bNassauisches Landesmuseum
_c1936
300 _a55 p.
_bil., 32 láminas
_c19 cm.
500 _aCatálogo de la exposición realizada en Wiesbaden, Alemania de abril-julio, 1936
500 _aE60
650 1 4 _aPaisajes, Pintura de
_zAlemania
_913419
650 1 4 _aPinturas alemanas
_910386
650 1 4 _aGalerías y museos
_zAlemania
_95059
902 _aGFM
942 _2lcc
_cB
999 _c4932
_d4932